Sesat ditaman negara

Bibliographic Details
Main Author: Junaidah Jamil
Format: Book
Published: Petaling Jaya : Penerbit Pan Earth Sdn. Bhd. , 1996
Series:Siri Novel Dunia Remaja
Subjects:

MARC

LEADER 00000cam a2200000 7i4500
001 0000008556
002 000009325
005 20000330.0
020 |a 9837505206 
090 0 0 |a JF   |b JUN 
100 0 |a Junaidah Jamil 
245 1 0 |a Sesat ditaman negara   |c Junaidah Jamil 
260 |a Petaling Jaya :   |b Penerbit Pan Earth Sdn. Bhd. ,   |c 1996 
300 |a 120p. :   |b ill ;   |c 17cm. 
490 0 |a Siri Novel Dunia Remaja 
650 0 0 |a Children's stories 
999 |a 050053   |b BUKU   |c PINJAMAN   |e PERPUSTAKAAN KOMUNITI PETALING JAYA